| 000 | 00496nam a2200145 a 4500 | ||
|---|---|---|---|
| 001 | 000045594 | ||
| 005 | 20201002052332.0 | ||
| 008 | 150416sxxu cl ac 000 0 spa d | ||
| 040 |
_aDO-SdBNP _bspa _cBNPHU |
||
| 082 |
_axxxx _bxxxx |
||
| 245 | 0 | 0 |
_aPleno perdon : _bun mesaje de esperanza para los encarcelados / _cediditor Richard Coss. |
| 260 |
_aColombia : _aRepública Dominicana : _bLa Liga Bíblica, _c[s.f.]. |
||
| 300 |
_a47 p. : _bil., retrs. ; _c19 cm. |
||
| 700 | 1 | 2 |
_aCoss, Richard, _eed. _973662 |
| 999 |
_c45083 _d45083 |
||